Detalles MARC
| 000 -CABECERA |
| campo de control de longitud fija |
01245nam a22002777a 4500 |
| 003 - IDENTIFICADOR DEL NÚMERO DE CONTROL |
| campo de control |
BPGM |
| 008 - DATOS DE LONGITUD FIJA--INFORMACIÓN GENERAL |
| campo de control de longitud fija |
260617b2003 mx ||||| |||| 001 0 spa d |
| 020 ## - NÚMERO INTERNACIONAL ESTÁNDAR DEL LIBRO |
| Número Internacional Estándar del Libro |
970-35-0474-4 |
| 040 ## - FUENTE DE LA CATALOGACIÓN |
| Centro catalogador/agencia de origen |
MÉXICO |
| Lengua de catalogación |
spa |
| 041 ## - CÓDIGO DE LENGUA |
| Código de lengua del texto/banda sonora o título independiente |
spa |
| 082 04 - NÚMERO DE LA CLASIFICACIÓN DECIMAL DEWEY |
| Número de clasificación |
CQ / 864M |
| Número de documento/Ítem |
H4864 |
| 100 ## - ENTRADA PRINCIPAL--NOMBRE DE PERSONA |
| Nombre de persona |
HERNÁNDEZ QUEZADA, JAVIER |
| 245 ## - MENCIÓN DE TÍTULO |
| Título |
NO ESTÁ EN MIS MANOS ESCRIBIR SIN VEHEMENCIA |
| Resto del título |
AUTOBIOGRAFIA Y PICARESCA EN LAS " MEMORIAS " DE FRAY SERVANDO |
| 250 ## - MENCIÓN DE EDICIÓN |
| Mención de edición |
PRIMERA EDICIÓN, |
| Resto de la mención de edición |
2003 |
| 260 ## - PUBLICACIÓN, DISTRIBUCIÓN, ETC. |
| Lugar de publicación, distribución, etc. |
MÉXICO ; |
| Nombre del editor, distribuidor, etc. |
CONACULTA , |
| Fecha de publicación, distribución, etc. |
2003 . |
| 300 ## - DESCRIPCIÓN FÍSICA |
| Extensión |
199 páginas : |
| Dimensiones |
20.5 cm x 12.5 cm |
| 336 ## - TIPO DE CONTENIDO |
| Fuente |
rdacontent |
| Término de tipo de contenido |
texto |
| Código de tipo de contenido |
txt |
| 337 ## - TIPO DE MEDIO |
| Fuente |
rdamedia |
| Nombre/término del tipo de medio |
sin mediación |
| Código del tipo de medio |
n |
| 338 ## - TIPO DE SOPORTE |
| Fuente |
rdacarrier |
| Nombre/término del tipo de soporte |
volumen |
| Código del tipo de soporte |
nc |
| 490 0# - MENCIÓN DE SERIE |
| Designación de volumen o secuencia |
273 |
| 505 ## - NOTA DE CONTENIDO CON FORMATO |
| Nota de contenido con formato |
EL AUTOR, JAVIER HERNÁNDEZ QUEZADA, ANALIZA EL TEXTO DEL FRAILE Y NOS DEMUESTRA QUE FRAY SERVANDO NO SOLO QUERÍA CONTAR LA HISTORIA DE SU VIDA, SINO QUE SE CONSTRUYÓ A SÍ MISMO COMO UN PERSONAJE LITERARIO: UN PÍCARO ASTUTO, REBELDE Y SOBREVIVIENTE QUE UTILIZABA EL INGENIO PARA BURLARSE DE LA INQUISICIÓN, ESCAPARSE DE LAS CÁRCELES Y DEFENDERSE DE SUS ENEMIGOS POLÍTICOS. |
| 650 ## - PUNTO DE ACCESO ADICIONAL DE MATERIA--TÉRMINO DE MATERIA |
| Fuente del encabezamiento o término |
LITERATURA Y RETORICA |
| 650 ## - PUNTO DE ACCESO ADICIONAL DE MATERIA--TÉRMINO DE MATERIA |
| Fuente del encabezamiento o término |
LITERATURAS ESPAÑOLAS Y PORTUGUESA |
| 650 ## - PUNTO DE ACCESO ADICIONAL DE MATERIA--TÉRMINO DE MATERIA |
| Fuente del encabezamiento o término |
ENSAYOS ESPAÑOLES |
| 942 ## - ELEMENTOS DE PUNTO DE ACCESO ADICIONAL (KOHA) |
| Fuente del sistema de clasificación o colocación |
Dewey Decimal Classification |
| Tipo de ítem Koha |
Colección Querétaro |